01018nam a22002657i 4500003000900000005001700009007000300026008004100029020001800070040003000088082002900118100004000147245008500187264003900272300003500311336002700346337003300373338002800406500007200434500003400506504003200540650007100572651006100643651004800704DO-SdBNP20250401135254.0ta220120b2014 dr a|||e |||| 001 0dspa d a9789945583380 aDO-SdBNPbspacBNPHUerda 4a324.27293bJ96p 20142221 aJusto Duarte, Amaury,d1942-eautor10aPartidos políticos en la sociedad dominicana 1844-2014 /cAmaury Justo Duarte. aSanto Domingo :bSantuario,c2014. a368 páginas :bil. ;c23 cm. 2rdacontentatextobtxt 2rdamediaasin mediaciónbn 2rdacarrieravolumenbnc aIncluye datos biográficos del autor en la solapa de la cubierta  aIncluye índice onomástico aBibliografía : p. 355-368 4aPartidos políticos zRepública DominicanaxHistoriay1844-2004 4aRepública DominicanaxPolítica y gobiernoy1844-2004 4aRepública DominicanaxHistoriay1844-2004